[Event "Abe Yanofsky mem."]
[Site "Winnipeg CAN"]
[Date "1998.12.06"]
[Round "5"]
[White "Cummer, Jeff"]
[Black "Schulz, Waldemar"]
[Result "0-1"]
[WhiteElo "1839"]
[BlackElo "2084"]
[PlyCount "96"]
[GameId "2160767911874140"]
[EventDate "1998.??.??"]
[EventType "swiss"]
[EventRounds "5"]
[EventCountry "CAN"]
[SourceTitle "EXT 2001"]
[Source "ChessBase"]
[SourceDate "2000.11.22"]
[SourceVersion "1"]
[SourceVersionDate "2000.11.22"]
[SourceQuality "1"]

1. e4 c5 2. Nc3 Nc6 3. f4 d6 4. Bb5 Bd7 5. Nf3 e6 6. O-O Qc7 7. d3 Nge7 8. Qe1 g6 9. Ne2 Bg7 10. c3 a6 11. Ba4 b5 12. Bc2 b4 13. Bd2 Rb8 14. Rb1 O-O 15. Ba4 a5 16. g4 Nd4 17. cxd4 Bxa4 18. dxc5 dxc5 19. b3 Bb5 20. Nc1 Nc6 21. Qf2 Nd4 22. Ne1 Rfe8 23. Ne2 Nxe2+ 24. Qxe2 Bd4+ 25. Be3 Qd7 26. Rd1 Red8 27. Rf3 Rbc8 28. Bxd4 Qxd4+ 29. Qe3 c4 30. Qxd4 Rxd4 31. Nc2 Rxd3 32. Rfxd3 cxd3 33. Ne1 Rd8 34. Kf2 Kf8 35. Ke3 Rc8 36. Kd2 Rd8 37. Ke3 Rc8 38. Kd2 Ke7 39. Rc1 Rxc1 40. Kxc1 e5 41. f5 gxf5 42. exf5 Kf6 43. Kd2 e4 44. Ng2 Kg5 45. h3 h5 46. Ne3 hxg4 47. hxg4 Kf4 48. f6 Bd7 0-1

[Event "Abe Yanofsky mem."]
[Site "Winnipeg CAN"]
[Date "1998.12.06"]
[Round "5"]
[White "Gantzert, Rene"]
[Black "Medes, Bartek"]
[Result "1-0"]
[WhiteElo "1690"]
[BlackElo "1397"]
[PlyCount "117"]
[GameId "2160767911874141"]
[EventDate "1998.??.??"]
[EventType "swiss"]
[EventRounds "5"]
[EventCountry "CAN"]
[SourceTitle "EXT 2001"]
[Source "ChessBase"]
[SourceDate "2000.11.22"]
[SourceVersion "1"]
[SourceVersionDate "2000.11.22"]
[SourceQuality "1"]

1. d4 Nf6 2. c4 g6 3. Nc3 d5 4. cxd5 Nxd5 5. e4 Nxc3 6. bxc3 c5 7. Be3 Bg7 8. Bb5+ Bd7 9. Qa4 O-O 10. Ne2 cxd4 11. Bxd4 Bxd4 12. cxd4 a6 13. Bxd7 Qxd7 14. Qxd7 Nxd7 15. O-O Rfc8 16. Rfc1 Nf6 17. f3 e6 18. a4 b5 19. Kf1 Kf8 20. Rxc8+ Rxc8 21. axb5 axb5 22. Ra5 Rb8 23. Nc3 b4 24. Rb5 Rxb5 25. Nxb5 Nd7 26. Ke2 Ke7 27. Kd3 Nb8 28. Kc4 Na6 29. d5 Kd7 30. dxe6+ fxe6 31. e5 Kc6 32. Nd4+ Kd7 33. Kb5 Nc7+ 34. Kxb4 Nd5+ 35. Kc5 h5 36. g3 Ne3 37. h4 Nf1 38. Ne2 Ne3 39. Nf4 Nf1 40. g4 hxg4 41. fxg4 Nh2 42. h5 gxh5 43. gxh5 Ng4 44. Kd4 Nh6 45. Ng6 Nf5+ 46. Kc5 Nh6 47. Nf8+ Ke7 48. Nh7 Nf7 49. Kd4 Nh6 50. Nf6 Kf7 51. Ke4 Nf5 52. Kf4 Kg7 53. Kg5 Nh6 54. Ne8+ Kh7 55. Kf6 Ng8+ 56. Kxe6 Kh6 57. Kf7 Kh7 58. Nf6+ Nxf6 59. Kxf6 1-0

[Event "Abe Yanofsky mem."]
[Site "Winnipeg CAN"]
[Date "1998.12.06"]
[Round "5"]
[White "Gushuliak, Justin"]
[Black "Gentes, Kevin"]
[Result "1-0"]
[WhiteElo "2015"]
[BlackElo "2387"]
[PlyCount "151"]
[GameId "2160767911874142"]
[EventDate "1998.??.??"]
[EventType "swiss"]
[EventRounds "5"]
[EventCountry "CAN"]
[SourceTitle "EXT 2001"]
[Source "ChessBase"]
[SourceDate "2000.11.22"]
[SourceVersion "1"]
[SourceVersionDate "2000.11.22"]
[SourceQuality "1"]

1. e4 c5 2. c3 e6 3. d4 d5 4. e5 Nc6 5. Nf3 Qb6 6. a3 c4 7. Nbd2 Na5 8. Be2 Bd7 9. O-O Ne7 10. Re1 Qc7 11. Qc2 Nc8 12. Bd1 Nb6 13. Nf1 Ba4 14. Qe2 Bxd1 15. Rxd1 Nb3 16. Rb1 Na4 17. Ng3 O-O-O 18. h4 Kb8 19. Nh5 Qd7 20. Qe3 h6 21. g3 Qe8 22. Qf4 Ka8 23. Be3 f5 24. g4 Qg6 25. Ng3 Qxg4 26. Qxg4 fxg4 27. Nh2 h5 28. Bg5 Re8 29. Ne2 Be7 30. Nf4 Bxg5 31. hxg5 g6 32. Kg2 Nb6 33. Rh1 Nd2 34. Rbe1 Rhf8 35. Nxg6 Rg8 36. Nf4 Rxg5 37. Re2 Ne4 38. Nf1 Rf5 39. Ng6 Rg5 40. Nf4 Rf5 41. Ng6 a6 42. Ne3 Rg5 43. Nf4 g3 44. f3 Nf2 45. Rxh5 Nd3 46. Rxg5 Nxf4+ 47. Kf1 Rh8 48. Ke1 Rh1+ 49. Kd2 Na4 50. Rxg3 Nxb2 51. Rg4 Nbd3 52. Ng2 Nxe2 53. Kxe2 Ra1 54. Rg6 Ka7 55. Ke3 Rxa3 56. Rxe6 Rxc3 57. Kd2 Ra3 58. Rg6 Nb4 59. Ne1 c3+ 60. Ke2 Ra2+ 61. Ke3 Ra3 62. Kf4 Ra1 63. Rg1 c2 64. Nxc2 Rxg1 65. Nxb4 a5 66. Nxd5 a4 67. Nc3 Rc1 68. Nxa4 Rc4 69. Nb2 Rxd4+ 70. Kf5 b5 71. e6 Rd2 72. e7 Re2 73. Kf6 Kb6 74. Nd3 Rxe7 75. Kxe7 Kc6 76. Ke6 1-0

[Event "Abe Yanofsky mem."]
[Site "Winnipeg CAN"]
[Date "1998.12.06"]
[Round "5"]
[White "Khedkar, Jay S"]
[Black "Gibbons, Michael"]
[Result "1/2-1/2"]
[WhiteElo "1905"]
[BlackElo "2071"]
[PlyCount "94"]
[GameId "2160767911874143"]
[EventDate "1998.??.??"]
[EventType "swiss"]
[EventRounds "5"]
[EventCountry "CAN"]
[SourceTitle "EXT 2001"]
[Source "ChessBase"]
[SourceDate "2000.11.22"]
[SourceVersion "1"]
[SourceVersionDate "2000.11.22"]
[SourceQuality "1"]

1. e4 d6 2. d4 Nf6 3. Nc3 g6 4. Nf3 Bg7 5. Bc4 O-O 6. O-O a6 7. a4 Nfd7 8. Be3 c5 9. Qd2 Nc6 10. Rad1 Qa5 11. Nd5 Qxd2 12. Rxd2 e6 13. Nc3 Na5 14. Be2 Nb6 15. b3 d5 16. Rfd1 Nc6 17. exd5 exd5 18. h3 c4 19. Ne5 cxb3 20. cxb3 Na5 21. Bf3 Be6 22. Nd3 Rfc8 23. Nc5 Nxb3 24. Rb2 Nxc5 25. Rxb6 Nd7 26. Rb3 Nf6 27. Bg5 Ne4 28. Nxe4 dxe4 29. d5 Bxd5 30. Rxd5 exf3 31. Rxb7 Rcb8 32. Rxb8+ Rxb8 33. gxf3 h6 34. Be3 Rb4 35. Ra5 Rh4 36. Kg2 Bd4 37. Rxa6 g5 38. a5 Bxe3 39. fxe3 Ra4 40. Ra8+ Kg7 41. a6 Ra1 42. Kf2 Ra2+ 43. Ke1 Rh2 44. a7 Ra2 45. Kd1 Ra1+ 46. Kc2 Ra2+ 47. Kb3 Ra1 1/2-1/2

[Event "Abe Yanofsky mem."]
[Site "Winnipeg CAN"]
[Date "1998.12.06"]
[Round "5"]
[White "Milord, Frank"]
[Black "Lukic, Luka"]
[Result "0-1"]
[WhiteElo "1715"]
[BlackElo "1900"]
[PlyCount "108"]
[GameId "2160767911874144"]
[EventDate "1998.??.??"]
[EventType "swiss"]
[EventRounds "5"]
[EventCountry "CAN"]
[SourceTitle "EXT 2001"]
[Source "ChessBase"]
[SourceDate "2000.11.22"]
[SourceVersion "1"]
[SourceVersionDate "2000.11.22"]
[SourceQuality "1"]

1. e4 e5 2. Nf3 Nc6 3. Bc4 Be7 4. O-O Nf6 5. d3 O-O 6. c3 d6 7. h3 Na5 8. Bb5 Bd7 9. Na3 Ne8 10. Bxd7 Qxd7 11. Nc2 Bf6 12. Bg5 Nc6 13. Bxf6 Nxf6 14. Ne3 d5 15. exd5 Nxd5 16. Re1 Nf4 17. Nc4 f6 18. Re3 Rad8 19. Qb3 Nd5 20. Ncxe5 fxe5 21. Nxe5 Nxe5 22. Rxe5 Qf7 23. Qc2 Nf6 24. d4 b6 25. b3 Rfe8 26. Rae1 Nd7 27. R5e3 Rxe3 28. Rxe3 Re8 29. Qe2 Rxe3 30. fxe3 c5 31. e4 h6 32. e5 Qe6 33. Qf3 cxd4 34. cxd4 a5 35. a4 Nf8 36. g4 Qf7 37. Kf2 Qxf3+ 38. Kxf3 Kf7 39. d5 Ke7 40. Ke4 g6 41. h4 Nd7 42. Kd4 Nc5 43. Kc4 Kd7 44. Kb5 Nxb3 45. Kxb6 g5 46. hxg5 hxg5 47. Kb5 Nd2 48. e6+ Kd6 49. Kb6 Nc4+ 50. Kb7 Ne3 51. e7 Kxe7 52. Kc6 Nxg4 53. Kc7 Ne5 54. d6+ Ke6 0-1

[Event "Abitibi ch"]
[Site "Val D'Or CAN"]
[Date "1998.11.06"]
[Round "1"]
[White "Larochelle, Martial"]
[Black "Morin, Louis"]
[Result "1-0"]
[WhiteElo "2170"]
[BlackElo "1882"]
[PlyCount "43"]
[GameId "2160767911806104"]
[EventDate "1998.11.06"]
[EventType "swiss"]
[EventRounds "5"]
[EventCountry "CAN"]
[SourceTitle "hb 2013"]

1. e4 e5 2. Nf3 d6 3. d4 Nf6 4. dxe5 Nxe4 5. Qd5 Nc5 6. Bg5 Qd7 7. Nc3 Nc6 8. O-O-O dxe5 9. Nxe5 Qxd5 10. Nxd5 Bd6 11. Nc4 Ne6 12. Nxd6+ cxd6 13. Bh4 Kd7 14. Bg3 Rd8 15. Bb5 Rb8 16. Ne3 Kc7 17. Rxd6 Rxd6 18. Nc4 Ra8 19. Bxd6+ Kd8 20. Rd1 Ned4 21. Be5 a6 22. Nb6 1-0

[Event "Abitibi ch"]
[Site "Val D'Or CAN"]
[Date "1998.11.07"]
[Round "2"]
[White "Morin, Louis"]
[Black "Carrier, Claude"]
[Result "1-0"]
[WhiteElo "1844"]
[BlackElo "2031"]
[PlyCount "85"]
[GameId "2160767911806107"]
[EventDate "1998.11.06"]
[EventType "swiss"]
[EventRounds "5"]
[EventCountry "CAN"]

1. e4 c5 2. d4 cxd4 3. c3 d5 4. exd5 Qxd5 5. cxd4 Nc6 6. Nf3 e5 7. Nc3 Bb4 8. Bd2 Bxc3 9. Bxc3 e4 10. Ne5 Nxe5 11. dxe5 Ne7 12. b3 O-O 13. Bc4 Qc6 14. Rc1 Qg6 15. O-O Bh3 16. g3 Bxf1 17. Bxf1 Rfd8 18. Qe2 Rac8 19. Bg2 Nd5 20. Bxe4 Qh6 21. Qe1 Nxc3 22. Rxc3 Rxc3 23. Qxc3 Rd1+ 24. Kg2 Qc1 25. Bc2 g6 26. e6 fxe6 27. Qc8+ Kf7 28. Qxb7+ Kf6 29. Qf3+ Ke7 30. Qxd1 Qa3 31. Bb1 Qc5 32. Qc2 Qe5 33. Qe4 Qc5 34. b4 Qh5 35. Bc2 Qb5 36. Bb3 Qb6 37. a4 Kf6 38. b5 Qa5 39. Qxe6+ Kg7 40. g4 Qd8 41. Qg8+ Qxg8 42. Bxg8 Kxg8 43. a5 1-0

[Event "Abitibi ch"]
[Site "Val D'Or CAN"]
[Date "1998.11.07"]
[Round "3"]
[White "Cossette, Daniel"]
[Black "Morin, Louis"]
[Result "1/2-1/2"]
[WhiteElo "2095"]
[BlackElo "1882"]
[PlyCount "45"]
[GameId "2160767911806108"]
[EventDate "1998.11.06"]
[EventType "swiss"]
[EventRounds "5"]
[EventCountry "CAN"]
[SourceTitle "hb 2013"]

1. e4 e5 2. Nf3 d6 3. d4 Nf6 4. Nc3 Nbd7 5. Bc4 Be7 6. O-O O-O 7. Bg5 c6 8. Bb3 h6 9. Bh4 g6 10. h3 Nh5 11. Bxe7 Qxe7 12. Qd2 Kg7 13. Rad1 Re8 14. dxe5 dxe5 15. Qd6 Qxd6 16. Rxd6 Nc5 17. Rfd1 Nxb3 18. axb3 f6 19. Na4 Nf4 20. Nc5 Kf7 21. Rd8 Ne6 22. Nxe6 Bxe6 23. Rxa8 1/2-1/2

[Event "Abitibi ch"]
[Site "Val D'Or CAN"]
[Date "1998.11.07"]
[Round "3"]
[White "Hua, Lefong"]
[Black "Arsenault, Michel"]
[Result "1-0"]
[WhiteElo "2270"]
[BlackElo "1890"]
[PlyCount "53"]
[GameId "2160767911806111"]
[EventDate "1998.11.06"]
[EventType "swiss"]
[EventRounds "5"]
[EventCountry "CAN"]

1. c4 e5 2. g3 Nf6 3. Bg2 d5 4. cxd5 Nxd5 5. Nc3 Nb6 6. Nf3 Nc6 7. d3 Be7 8. O-O O-O 9. Be3 Be6 10. Qc1 Nd5 11. Bd2 Nxc3 12. Bxc3 Nd4 13. Re1 Bd5 14. Nxe5 Bxg2 15. Kxg2 Qd5+ 16. Nf3 Nxf3 17. exf3 Rfe8 18. Qf4 c6 19. Qc7 Bc5 20. Qxb7 Rad8 21. Qa6 h5 22. Qc4 Kf8 23. Re4 Bb6 24. Rae1 Rxe4 25. Qxe4 Bd4 26. Qh7 g6 27. Re4 1-0

[Event "Abitibi ch"]
[Site "Val D'Or CAN"]
[Date "1998.11.08"]
[Round "4"]
[White "Morin, Louis"]
[Black "Soudre, Nicolas"]
[Result "0-1"]
[WhiteElo "1882"]
[BlackElo "2143"]
[PlyCount "189"]
[GameId "2160767911806117"]
[EventDate "1998.11.06"]
[EventType "swiss"]
[EventRounds "5"]
[EventCountry "CAN"]
[SourceTitle "hb 2013"]

1. e4 e6 2. d4 d5 3. exd5 exd5 4. Bd3 Bd6 5. Nc3 c6 6. h3 Ne7 7. Nf3 Bf5 8. Ne2 Qc7 9. Bg5 f6 10. Bh4 Nd7 11. Bg3 O-O-O 12. Bxd6 Qxd6 13. Bxf5 Nxf5 14. Qd3 Ne7 15. O-O-O Ng6 16. h4 Nf4 17. Nxf4 Qxf4+ 18. Qd2 Qg4 19. Rh3 g6 20. Rg3 Qf5 21. Ne1 Rde8 22. Ra3 a6 23. g3 Re4 24. f3 Re7 25. Re3 Rhe8 26. g4 Qf4 27. Rxe7 Qxd2+ 28. Rxd2 Rxe7 29. Kd1 Nf8 30. Re2 Rxe2 31. Kxe2 Ne6 32. Ke3 Kd7 33. Nd3 Kd6 34. c3 b6 35. Nb4 a5 36. Nc2 g5 37. h5 c5 38. Ne1 c4 39. Ng2 b5 40. a3 b4 41. axb4 axb4 42. Kd2 b3 43. Ke3 Nf8 44. Kd2 Ne6 45. Ke3 Nc7 46. Kd2 Nb5 47. Ne3 Nc7 48. Ng2 Ke6 49. Ne3 Ne8 50. Nf5 Nc7 51. Ne3 Nb5 52. Nf5 Kd7 53. Ne3 Nc7 54. Ng2 Ne6 55. Ke3 Kd6 56. Kd2 Ke7 57. Ke3 Kf7 58. Ke2 Kg7 59. Ke3 Kh6 60. Kd2 Nf4 61. Ne3 Kg7 62. Nd1 Kf7 63. Nf2 Ke6 64. Ke3 Ng2+ 65. Kd2 Nf4 66. Ke3 f5 67. Kd2 Kf6 68. Ke3 Ne6 69. Kd2 Nd8 70. Ke3 Nb7 71. Kd2 Nd6 72. Ke3 Ke6 73. Kd2 Nb5 74. Nd1 Nc7 75. Nf2 Ne8 76. Nd1 Nf6 77. Ne3 fxg4 78. fxg4 Ne4+ 79. Kc1 Nf2 80. Kd2 Nd3 81. Nd1 Kf6 82. Ke3 Kg7 83. Kf3 Kf6 84. Ke3 Ke6 85. Kf3 Kd6 86. Ke3 Kc6 87. Ke2 Kb5 88. Ke3 Ka4 89. Kd2 Kb5 90. Ke3 Kc6 91. Ke2 Kb5 92. Ke3 Ka5 93. Ke2 Nf4+ 94. Kf3 Ka4 95. Ke3 0-1

[Event "Abitibi ch"]
[Site "Val D'Or CAN"]
[Date "1998.11.08"]
[Round "5"]
[White "Morin, Louis"]
[Black "Lecomte, Andre"]
[Result "1/2-1/2"]
[WhiteElo "1882"]
[BlackElo "1871"]
[PlyCount "115"]
[GameId "2160767911806119"]
[EventDate "1998.11.06"]
[EventType "swiss"]
[EventRounds "5"]
[EventCountry "CAN"]
[SourceTitle "hb 2013"]

1. e4 c5 2. d4 cxd4 3. c3 dxc3 4. Nxc3 d6 5. Bc4 e6 6. Nf3 Be7 7. O-O a6 8. Qe2 Nc6 9. Rd1 Bd7 10. h3 Nf6 11. Bf4 e5 12. Be3 b5 13. Bd5 Rc8 14. Rac1 O-O 15. Kh2 Qa5 16. Bb3 Nd8 17. g3 Ne6 18. Nh4 Nc5 19. Nd5 Nxd5 20. Bxd5 Be6 21. Nf5 Bxf5 22. exf5 Nd7 23. Bb7 Rxc1 24. Rxc1 Rb8 25. Bd5 Nf6 26. Bb3 Qd8 27. Bd2 Rc8 28. Ba5 Qe8 29. Rd1 Qc6 30. Rd3 h6 31. f3 Qb7 32. Bb4 Rc6 33. Qd1 Qc7 34. Qd2 Bf8 35. a4 d5 36. Ba5 Qc8 37. axb5 axb5 38. Rxd5 Nxd5 39. Qxd5 Rc2+ 40. Bxc2 Qxc2+ 41. Qd2 Qxd2+ 42. Bxd2 Bc5 43. Kg2 Bd4 44. b3 Kf8 45. Bb4+ Ke8 46. Kf1 g6 47. fxg6 fxg6 48. Ke2 Kd7 49. Kd3 Ke6 50. Ke4 Bb2 51. Bd2 h5 52. Bh6 Ba3 53. Bg7 Bd6 54. g4 Bc7 55. gxh5 gxh5 56. Bh6 Bd6 57. f4 exf4 58. Bxf4 1/2-1/2

[Event "Albert Boxer Classic"]
[Site "Winnipeg CAN"]
[Date "1998.09.05"]
[Round "1"]
[White "Avena, Danny"]
[Black "Baragar, Fletcher"]
[Result "0-1"]
[WhiteElo "1777"]
[BlackElo "2332"]
[PlyCount "39"]
[GameId "2160767911806409"]
[EventDate "1998.09.05"]
[EventType "swiss"]
[EventRounds "5"]
[EventCountry "CAN"]

1. e4 c5 2. Nf3 Nc6 3. d4 cxd4 4. Nxd4 Nf6 5. Nc3 d6 6. Be2 e6 7. Be3 Be7 8. O-O O-O 9. Qd2 a6 10. Rad1 Qc7 11. f4 Bd7 12. f5 Ne5 13. Qc1 b5 14. Bg5 Rfc8 15. Bxf6 Bxf6 16. fxe6 fxe6 17. Qe3 Rf8 18. Rf2 Qc5 19. Qd2 Nc6 20. Nxc6 0-1

[Event "Albert Boxer Classic"]
[Site "Winnipeg CAN"]
[Date "1998.09.05"]
[Round "1"]
[White "Gantzert, Rene"]
[Black "Khedkar, Jay"]
[Result "0-1"]
[WhiteElo "1652"]
[BlackElo "2029"]
[PlyCount "45"]
[GameId "2160767911806410"]
[EventDate "1998.09.05"]
[EventType "swiss"]
[EventRounds "5"]
[EventCountry "CAN"]

1. d4 Nf6 2. c4 g6 3. Nc3 Bg7 4. e4 d6 5. f4 O-O 6. Nf3 Nbd7 7. Be2 e5 8. fxe5 dxe5 9. d5 Nc5 10. Qc2 c6 11. b4 Ncxe4 12. Nxe4 Nxe4 13. Bh6 cxd5 14. Bxg7 Kxg7 15. O-O-O Bf5 16. Rxd5 Qb6 17. Rxe5 Qxb4 18. Rxe4 Qa3+ 19. Kb1 Rfe8 20. Bd3 Rad8 21. Rxe8 Rxd3 22. Qb2+ Rc3+ 23. Ka1 0-1

[Event "Albert Boxer Classic"]
[Site "Winnipeg CAN"]
[Date "1998.09.06"]
[Round "1"]
[White "Kaptsan, Aron"]
[Black "Walker, Erin"]
[Result "1-0"]
[WhiteElo "2154"]
[BlackElo "1756"]
[PlyCount "75"]
[GameId "2160767911806411"]
[EventDate "1998.09.05"]
[EventType "swiss"]
[EventRounds "5"]
[EventCountry "CAN"]

1. d4 d5 2. c4 e6 3. Nc3 Nf6 4. Bg5 Be7 5. e3 O-O 6. Qc2 h6 7. Bh4 Nbd7 8. cxd5 exd5 9. Nf3 c5 10. Be2 Nb6 11. O-O Be6 12. Rfd1 Rc8 13. Rac1 cxd4 14. Nxd4 Ne4 15. Bxe7 Qxe7 16. Qb3 Nxc3 17. Rxc3 Rxc3 18. Qxc3 Rc8 19. Qb3 Nc4 20. Rc1 b6 21. Rc3 Rc5 22. Qc2 Qc7 23. b4 Na3 24. Rxc5 bxc5 25. Qxc5 Qxc5 26. bxc5 Kf8 27. Bd3 Ke8 28. Kf1 Nc4 29. Bxc4 dxc4 30. Ke1 Kd7 31. a3 Kc7 32. Kd2 Bd5 33. f3 f6 34. Kc3 g6 35. Kb4 Kb7 36. Nb5 Kb8 37. Nd6 a5+ 38. Kc3 1-0

[Event "Albert Boxer Classic"]
[Site "Winnipeg CAN"]
[Date "1998.09.05"]
[Round "2"]
[White "Baragar, Fletcher"]
[Black "Schulz, Manfred"]
[Result "1-0"]
[WhiteElo "2332"]
[BlackElo "1922"]
[PlyCount "39"]
[GameId "2160767911806412"]
[EventDate "1998.09.05"]
[EventType "swiss"]
[EventRounds "5"]
[EventCountry "CAN"]

1. d4 d5 2. c4 c6 3. Nf3 Nf6 4. Nc3 dxc4 5. a4 Bf5 6. e3 e6 7. Bxc4 Bb4 8. O-O O-O 9. Nh4 Nbd7 10. f3 Re8 11. Nxf5 exf5 12. Bxf7+ Kxf7 13. Qb3+ Re6 14. Qxb4 Qc7 15. e4 f4 16. e5 Nh5 17. Ne4 Kg6 18. Bd2 Nb6 19. Qb3 Qd7 20. Qd3 1-0

[Event "Albert Boxer Classic"]
[Site "Winnipeg CAN"]
[Date "1998.09.05"]
[Round "2"]
[White "Gantzert, Rene"]
[Black "Schulz, Waldemar"]
[Result "0-1"]
[WhiteElo "1652"]
[BlackElo "2046"]
[PlyCount "112"]
[GameId "2160767911806413"]
[EventDate "1998.09.05"]
[EventType "swiss"]
[EventRounds "5"]
[EventCountry "CAN"]

1. d4 Nf6 2. c4 g6 3. Nc3 d5 4. Nf3 Bg7 5. e3 O-O 6. Bd3 c5 7. O-O cxd4 8. Nxd4 e5 9. Nb3 Nc6 10. cxd5 Nxd5 11. Bd2 Ndb4 12. Be4 f5 13. Bxc6 Nxc6 14. e4 b6 15. a3 Be6 16. Re1 Kh8 17. Nc1 f4 18. N1e2 Na5 19. Nd5 Bxd5 20. Bxa5 Bxe4 21. Qxd8 Raxd8 22. Bc3 Bb7 23. f3 Rd5 24. Rad1 Kg8 25. Rxd5 Bxd5 26. Rd1 Be6 27. b4 Kf7 28. Bb2 Rc8 29. Ba1 g5 30. Nc3 Ke7 31. Ne4 h6 32. Bc3 Bf5 33. Nd6 Rf8 34. Nxf5+ Rxf5 35. Re1 Ke6 36. h3 Rf8 37. b5 Rc8 38. Bb4 Bf8 39. Bxf8 Rxf8 40. Rc1 Rd8 41. Rc7 Rd7 42. Rc6+ Kf5 43. Rxh6 Rd3 44. Rh8 Rxa3 45. Ra8 Ra5 46. Kf2 Rxb5 47. Rxa7 Rb2+ 48. Kf1 Rc2 49. Rb7 Rc6 50. Rb8 e4 51. fxe4+ Kxe4 52. Re8+ Kd4 53. Ke2 b5 54. Rf8 Rc2+ 55. Kf3 Rc3+ 56. Kg4 Rg3+ 0-1

[Event "Albert Boxer Classic"]
[Site "Winnipeg CAN"]
[Date "1998.09.05"]
[Round "2"]
[White "Gibbons, Michael"]
[Black "Herkert, Dean"]
[Result "1-0"]
[WhiteElo "2056"]
[BlackElo "1827"]
[PlyCount "55"]
[GameId "2160767911806414"]
[EventDate "1998.09.05"]
[EventType "swiss"]
[EventRounds "5"]
[EventCountry "CAN"]

1. Nf3 f5 2. b3 Nf6 3. Bb2 e6 4. c4 b6 5. Nc3 Bb7 6. Qc2 Na6 7. Rc1 Be7 8. e3 O-O 9. Be2 Nc5 10. O-O Nfe4 11. d3 Nxc3 12. Bxc3 d6 13. b4 Nd7 14. Nd4 Rf6 15. Qa4 Rg6 16. Nc6 Qe8 17. Bf3 d5 18. cxd5 Bd6 19. Qb3 e5 20. e4 fxe4 21. dxe4 Rf6 22. Bd2 Qg6 23. Kh1 Qf7 24. Bg5 Rf4 25. Bxf4 exf4 26. Rfe1 a5 27. Bg4 axb4 28. Be6 1-0

[Event "Albert Boxer Classic"]
[Site "Winnipeg CAN"]
[Date "1998.09.05"]
[Round "2"]
[White "Gushuliak, Justin"]
[Black "Xia, Yanchong"]
[Result "1-0"]
[WhiteElo "1963"]
[BlackElo "1353"]
[PlyCount "41"]
[GameId "2160767911806415"]
[EventDate "1998.09.05"]
[EventType "swiss"]
[EventRounds "5"]
[EventCountry "CAN"]

1. e4 c5 2. Nf3 Nc6 3. c3 Nf6 4. e5 Nd5 5. d4 e6 6. c4 Nb6 7. d5 exd5 8. cxd5 Ne7 9. Nc3 d6 10. exd6 Qxd6 11. Nb5 Qd8 12. d6 Ned5 13. Qe2+ Be6 14. Bg5 Qd7 15. Ne5 Qc8 16. b4 a6 17. Rc1 axb5 18. Rxc5 Qb8 19. Qxb5+ Bd7 20. Nxd7 Nxd7 21. Qe2+ 1-0

[Event "Albert Boxer Classic"]
[Site "Winnipeg CAN"]
[Date "1998.09.05"]
[Round "2"]
[White "Gustafson, Dale"]
[Black "Gentes, Kevin"]
[Result "1/2-1/2"]
[WhiteElo "1962"]
[BlackElo "2395"]
[PlyCount "82"]
[GameId "2160767911806416"]
[EventDate "1998.09.05"]
[EventType "swiss"]
[EventRounds "5"]
[EventCountry "CAN"]

1. e4 e6 2. d4 d5 3. exd5 exd5 4. Bd3 c5 5. c3 Nc6 6. Nf3 Bd6 7. dxc5 Bxc5 8. O-O Nge7 9. Bf4 h6 10. Nbd2 Bg4 11. Qa4 Qd7 12. Rfe1 a6 13. Qc2 Rc8 14. Qb1 Ba7 15. h3 Be6 16. Nf1 O-O 17. Qd1 Rfd8 18. Qd2 Bf5 19. Ng3 Bg6 20. Rad1 Nf5 21. Ne5 Nxe5 22. Rxe5 Ne7 23. Bxg6 Nxg6 24. Ree1 Qa4 25. Nh5 d4 26. c4 Kh7 27. b3 Qc6 28. Qd3 Re8 29. Bg3 Kg8 30. Nf4 Nxf4 31. Bxf4 Qf6 32. Bg3 Re6 33. Re4 Rce8 34. Rde1 Qg6 35. Rxe6 Rxe6 36. Qd1 Rxe1+ 37. Qxe1 Qc2 38. Qe8+ Kh7 39. Qxf7 Qe4 40. Qd5 Qe1+ 41. Kh2 Qe2 1/2-1/2

[Event "Albert Boxer Classic"]
[Site "Winnipeg CAN"]
[Date "1998.09.05"]
[Round "2"]
[White "Lipnowski, Samuel"]
[Black "Kaptsan, Aron"]
[Result "0-1"]
[WhiteElo "1923"]
[BlackElo "2146"]
[PlyCount "62"]
[GameId "2160767911806418"]
[EventDate "1998.09.05"]
[EventType "swiss"]
[EventRounds "5"]
[EventCountry "CAN"]

1. e4 e5 2. Nf3 Nc6 3. Bb5 a6 4. Bxc6 dxc6 5. d4 exd4 6. Qxd4 Qxd4 7. Nxd4 Bd7 8. Be3 O-O-O 9. f3 Re8 10. Kf2 Bd6 11. Nd2 Ne7 12. f4 Ng6 13. g3 f6 14. Kf3 h5 15. h3 c5 16. N4b3 b6 17. g4 Nh4+ 18. Kg3 g5 19. Rhe1 gxf4+ 20. Bxf4 Bxf4+ 21. Kxf4 Ng2+ 22. Kg3 Nxe1 23. Rxe1 hxg4 24. hxg4 Reg8 25. e5 Rxg4+ 26. Kf3 Rh3+ 27. Ke2 fxe5 28. Kd1 Rh5 29. c3 Bc6 30. Kc2 Ba4 31. Rf1 c4 0-1

[Event "Albert Boxer Classic"]
[Site "Winnipeg CAN"]
[Date "1998.09.05"]
[Round "2"]
[White "Lukic, Luka"]
[Black "Khedkar, Jay"]
[Result "1-0"]
[WhiteElo "1946"]
[BlackElo "2029"]
[PlyCount "103"]
[GameId "2160767911806419"]
[EventDate "1998.09.05"]
[EventType "swiss"]
[EventRounds "5"]
[EventCountry "CAN"]

1. d4 Nf6 2. c4 g6 3. Nc3 Bg7 4. Nf3 d6 5. e3 Nbd7 6. Be2 c6 7. O-O e5 8. Qc2 O-O 9. b3 Qe7 10. Ba3 Re8 11. Rad1 e4 12. Nd2 a6 13. Ndb1 Rb8 14. Rfe1 b5 15. Bb2 Nb6 16. Nd2 b4 17. Ncb1 c5 18. Nf1 Nbd7 19. Ng3 h5 20. f3 h4 21. Nxe4 Nxe4 22. fxe4 Qxe4 23. Qxe4 Rxe4 24. Bf3 Re7 25. Nd2 Nf8 26. Ne4 Rd7 27. Re2 f5 28. Nf2 Re7 29. Nd3 cxd4 30. Bxd4 Bxd4 31. exd4 Rxe2 32. Bxe2 Ne6 33. Ne1 Bd7 34. d5 Nf4 35. Bf1 Kf7 36. Nf3 Rh8 37. Rd4 Nh5 38. Nxh4 g5 39. Nf3 Kf6 40. g3 Re8 41. Kf2 g4 42. Ne1 Ke5 43. Rd2 Nf6 44. Bd3 Ne4+ 45. Bxe4 fxe4 46. Ng2 Rf8+ 47. Nf4 Bf5 48. Ke3 a5 49. Rf2 Rc8 50. Ne2 a4 51. Nd4 Bg6 52. Nc6+ 1-0

[Event "Albert Boxer Classic"]
[Site "Winnipeg CAN"]
[Date "1998.09.05"]
[Round "2"]
[White "Pearce, Thomas"]
[Black "Nikouline, Alexandre"]
[Result "0-1"]
[WhiteElo "1848"]
[BlackElo "2072"]
[PlyCount "82"]
[GameId "2160767911806420"]
[EventDate "1998.09.05"]
[EventType "swiss"]
[EventRounds "5"]
[EventCountry "CAN"]

1. d4 Nf6 2. e3 e6 3. Bd3 c5 4. Ne2 d5 5. c4 Nc6 6. a3 b6 7. Nbc3 Bd6 8. f4 O-O 9. O-O Na5 10. b3 Bb7 11. Ng3 Nc6 12. Nb5 Be7 13. Bc2 a6 14. Nc3 dxc4 15. Nce2 cxb3 16. Bxb3 cxd4 17. exd4 g6 18. Bb2 Nd5 19. Qd2 Na5 20. Bc2 Nc4 21. Qc1 Nde3 22. Re1 Nxg2 23. Rd1 Nge3 24. Rd3 Qd5 25. Kf2 Qg2+ 26. Ke1 Ng4 27. Bb3 Qf2+ 28. Kd1 Nge3+ 29. Rxe3 Nxe3+ 30. Kd2 Rac8 31. Bc3 Nd5 32. Bxd5 Bxd5 33. Qb2 Rc6 34. Rf1 Qxh2 35. Rg1 Rfc8 36. Rc1 Bd6 37. Kd1 Bxf4 38. Nxf4 Bf3+ 39. Nfe2 Qxg3 40. Qd2 Bxe2+ 41. Qxe2 Rxc3 0-1

[Event "Albert Boxer Classic"]
[Site "Winnipeg CAN"]
[Date "1998.09.06"]
[Round "3"]
[White "Andersen, Sune"]
[Black "Gustafson, Dale"]
[Result "1-0"]
[WhiteElo "2021"]
[BlackElo "1962"]
[PlyCount "79"]
[GameId "2160767911806421"]
[EventDate "1998.09.05"]
[EventType "swiss"]
[EventRounds "5"]
[EventCountry "CAN"]

1. e4 d5 2. exd5 Qxd5 3. Nc3 Qa5 4. d4 Nf6 5. Bc4 c6 6. Nf3 Bg4 7. Bd2 e6 8. Qe2 Bb4 9. O-O-O Nbd7 10. h3 Bh5 11. a3 Bxc3 12. Bxc3 Qc7 13. Kb1 O-O-O 14. Bd2 Nd5 15. g4 Bg6 16. Bg5 Rde8 17. Qd2 Be4 18. Be2 N7f6 19. Rhe1 h6 20. Bh4 Bh7 21. Bg3 Qb6 22. Bd3 Bxd3 23. Qxd3 Nd7 24. Nd2 Kd8 25. Nc4 Qa6 26. Nd6 Ref8 27. Qb3 b5 28. f4 N7b6 29. f5 Kd7 30. Ne4 Na4 31. fxe6+ fxe6 32. c4 bxc4 33. Qxa4 Qb6 34. Qxc4 Rf3 35. Rd3 Rhf8 36. Nc5+ Kc8 37. Rxe6 Rf1+ 38. Ka2 R8f6 39. Rxf6 Rxf6 40. Rb3 1-0